[Event "ISL-chT2 1617"]
[Site "Reykjavik"]
[Date "2016.10.01"]
[Round "2.2"]
[White "Hauksson, Hordur Aron"]
[Black "Larusson, Petur Atli"]
[Result "0-1"]
[WhiteElo "1867"]
[BlackElo "2013"]
[PlyCount "80"]
[EventDate "2016.09.30"]
[EventType "team-tourn"]
[EventRounds "7"]
[EventCountry "ISL"]
[SourceTitle "EXT 2018"]
[Source "ChessBase"]
[SourceDate "2017.10.13"]
[SourceVersion "1"]
[SourceVersionDate "2017.10.13"]
[SourceQuality "1"]
[WhiteTeam "Fjolnis II"]
[BlackTeam "Island"]
[WhiteTeamCountry "ISL"]
[BlackTeamCountry "ISL"]

1. d4 Nf6 2. Nf3 c5 3. d5 d6 4. Nc3 g6 5. g3 Bg7 6. Bg2 0-0 7. 0-0 Na6 8. Re1 Nc7 9. e4 b5 10. Nb1 a5 11. c4 bxc4 12. Qc2 Ba6 13. Na3 Ncxd5 14. exd5 Nxd5 15. Qe4 Nb4 16. Qxe7 Nd3 17. Qxd8 Raxd8 18. Rd1 Nxb2 19. Bxb2 Bxb2 20. Nc2 Bxa1 21. Nxa1 c3 22. Rc1 Rb8 23. Ng5 Rb2 24. Ne4 Rxa2 25. Nxc3 Rb2 26. Bd5 Bb7 27. Bc4 Rd8 28. Nd5 a4 29. Nc2 Kg7 30. Na3 Rd2 31. Nb6 Bc6 32. Nb1 Rd4 33. Nc3 Rb8 34. Ncd5 a3 35. Ba2 Rd2 36. Ra1 Bxd5 37. Nxd5 Rbb2 38. Bc4 a2 39. Nc3 Rdc2 40. Rxa2 Rxa2 0-1

[Event "ISL-chT2 1516"]
[Site "Reykjavik"]
[Date "2016.03.05"]
[Round "6.3"]
[White "Valdimarsson, Einar"]
[Black "Larusson, Petur Atli"]
[Result "1/2-1/2"]
[WhiteElo "2022"]
[BlackElo "2054"]
[PlyCount "93"]
[EventDate "2015.09.25"]
[EventType "team-tourn"]
[EventRounds "7"]
[EventCountry "ISL"]
[SourceTitle "EXT 2017"]
[Source "ChessBase"]
[SourceDate "2016.10.25"]
[SourceVersion "1"]
[SourceVersionDate "2016.10.25"]
[SourceQuality "1"]
[WhiteTeam "Borgarnes"]
[BlackTeam "Iceland CC"]
[WhiteTeamCountry "ISL"]
[BlackTeamCountry "ISL"]

1. e4 c5 2. Nc3 Nc6 3. f4 g6 4. Nf3 Bg7 5. Bb5 Nd4 6. 0-0 Nxb5 7. Nxb5 a6 8. Nc3 e6 9. d3 Ne7 10. Qe1 d5 11. f5 dxe4 12. f6 Bxf6 13. Nxe4 Nf5 14. Nxf6+ Qxf6 15. g4 Nd6 16. Bg5 Qxb2 17. Qh4 Qxc2 18. Bf6 Qxd3 19. Bxh8 Bd7 20. Rad1 Qe3+ 21. Qf2 Qxf2+ 22. Rxf2 Ne4 23. Re2 f5 24. Nd2 Bb5 25. Ree1 Ba4 26. Nxe4 Bxd1 27. Rxd1 fxe4 28. Bf6 b5 29. g5 b4 30. Rd6 c4 31. Rxe6+ Kd7 32. Rxe4 Rc8 33. Bb2 Rc5 34. Re5 Rxe5 35. Bxe5 Ke6 36. Bb2 Kf5 37. Kf2 Ke4 38. Ke2 c3 39. Bc1 a5 40. Kd1 Kd3 41. Bf4 a4 42. Kc1 b3 43. axb3 axb3 44. h4 Ke4 45. Bd6 Kd3 46. Bf4 Ke4 47. Bd6 1/2-1/2

[Event "ISL-chT2 1516"]
[Site "Reykjavik"]
[Date "2015.09.26"]
[Round "3.4"]
[White "Larusson, Petur Atli"]
[Black "Edvardsson, Kristjan"]
[Result "0-1"]
[WhiteElo "2054"]
[BlackElo "2211"]
[PlyCount "40"]
[EventDate "2015.09.25"]
[EventType "team-tourn"]
[EventRounds "7"]
[EventCountry "ISL"]
[SourceTitle "EXT 2017"]
[Source "ChessBase"]
[SourceDate "2016.10.25"]
[SourceVersion "1"]
[SourceVersionDate "2016.10.25"]
[SourceQuality "1"]
[WhiteTeam "Iceland CC"]
[BlackTeam "Huginn III"]
[WhiteTeamCountry "ISL"]
[BlackTeamCountry "ISL"]

1. e4 d6 2. d4 Nf6 3. Nc3 g6 4. f4 Bg7 5. Nf3 0-0 6. Bd3 Nc6 7. d5 Nb4 8. a3 Nxd3+ 9. cxd3 c6 10. dxc6 bxc6 11. 0-0 Rb8 12. Kh1 Ba6 13. Be3 Rxb2 14. Bxa7 c5 15. Rb1 Rxb1 16. Qxb1 Qa5 17. Qb3 Bxd3 18. Bb6 Qa6 19. Re1 Rb8 20. Ng5 c4 0-1

[Event "ISL-chT2 1516"]
[Site "Reykjavik"]
[Date "2015.09.26"]
[Round "4.2"]
[White "Larusson, Petur Atli"]
[Black "Finnlaugsson, Gunnar"]
[Result "0-1"]
[WhiteElo "2054"]
[BlackElo "2006"]
[PlyCount "36"]
[EventDate "2015.09.25"]
[EventType "team-tourn"]
[EventRounds "7"]
[EventCountry "ISL"]
[SourceTitle "EXT 2017"]
[Source "ChessBase"]
[SourceDate "2016.10.25"]
[SourceVersion "1"]
[SourceVersionDate "2016.10.25"]
[SourceQuality "1"]
[WhiteTeam "Iceland CC"]
[BlackTeam "Selfoss"]
[WhiteTeamCountry "ISL"]
[BlackTeamCountry "ISL"]

1. e4 c5 2. Nf3 e6 3. d4 cxd4 4. Nxd4 Nf6 5. Nc3 Nc6 6. Nxc6 bxc6 7. Bd3 d5 8. 0-0 Be7 9. Bf4 0-0 10. Re1 g6 11. e5 Nd7 12. Qd2 Rb8 13. Rab1 c5 14. b3 Rb4 15. h3 Re8 16. Rbd1 f5 17. exf6 Bxf6 18. a3 Bxc3 0-1

[Event "ISL-chT 1415"]
[Site "Reykjavik"]
[Date "2015.03.21"]
[Round "8.5"]
[White "Larusson, Petur Atli"]
[Black "Johannesson, Oliver Aron"]
[Result "1/2-1/2"]
[WhiteElo "2061"]
[BlackElo "2192"]
[PlyCount "84"]
[EventDate "2014.10.02"]
[EventType "team-tourn"]
[EventRounds "9"]
[EventCountry "ISL"]
[SourceTitle "EXT 2016"]
[Source "ChessBase"]
[SourceDate "2015.10.08"]
[SourceVersion "1"]
[SourceVersionDate "2015.10.08"]
[SourceQuality "1"]
[WhiteTeam "Island"]
[BlackTeam "Fjolnis"]
[WhiteTeamCountry "ISL"]
[BlackTeamCountry "ISL"]

1. e4 e6 2. d3 d5 3. Nd2 Nf6 4. Ngf3 Nc6 5. c3 e5 6. Be2 Be7 7. 0-0 0-0 8. Qc2 a5 9. Re1 Re8 10. Nf1 h6 11. Ng3 Bf8 12. h3 g6 13. Be3 b6 14. d4 exd4 15. Nxd4 Nxd4 16. Bxd4 Nxe4 17. Bb5 Bd7 18. Bxd7 Qxd7 19. Nxe4 dxe4 20. Rxe4 Rxe4 21. Qxe4 Re8 22. Qf3 c5 23. Be3 Rd8 24. Qf6 Qd6 25. Qxd6 Rxd6 26. Kf1 g5 27. g4 f5 28. gxf5 Kf7 29. Ke2 Kf6 30. f4 Rd5 31. fxg5+ hxg5 32. Rf1 a4 33. h4 gxh4 34. Rh1 Rxf5 35. Rxh4 b5 36. Rf4 Rxf4 37. Bxf4 Kf5 38. Ke3 Be7 39. b3 axb3 40. axb3 Bf6 41. Bd6 c4 42. bxc4 bxc4 1/2-1/2

[Event "Reykjavik op"]
[Site "Reykjavik"]
[Date "2011.03.12"]
[Round "5.38"]
[White "Larusson, Petur Atli"]
[Black "Michalczak, Thomas"]
[Result "1-0"]
[WhiteElo "2095"]
[BlackElo "2332"]
[PlyCount "57"]
[EventDate "2011.03.09"]
[EventType "swiss"]
[EventRounds "9"]
[EventCountry "ISL"]
[SourceTitle "CBM 141 Extra"]
[Source "ChessBase"]
[SourceDate "2011.05.03"]
[SourceVersion "1"]
[SourceVersionDate "2011.05.03"]
[SourceQuality "1"]

1. e4 e5 2. Nf3 d6 3. Bc4 Be7 4. 0-0 Nf6 5. Nc3 0-0 6. h3 Nxe4 7. Nxe4 d5 8. Bb3 dxe4 9. Nxe5 Qd4 10. Nxf7 Rxf7 11. Bxf7+ Kxf7 12. Qh5+ Kf8 13. Qxh7 Nd7 14. d3 Nf6 15. Qh8+ Kf7 16. Bg5 b6 17. Bxf6 Bxf6 18. dxe4 Qxe4 19. Qh5+ g6 20. Qh7+ Bg7 21. Rfe1 Qb4 22. c3 Qc5 23. Re3 Bf5 24. Rae1 Qf8 25. g4 Qh8 26. Re7+ Kf6 27. f4 Be4 28. R1xe4 Qxh7 29. R4e6# 1-0

[Event "ISL-chT2 1011"]
[Site "Reykjavik"]
[Date "2011.03.05"]
[Round "6.1"]
[White "Milliet, Sophie"]
[Black "Larusson, Petur Atli"]
[Result "1-0"]
[WhiteElo "2369"]
[BlackElo "2102"]
[PlyCount "67"]
[EventDate "2010.10.08"]
[EventType "team"]
[EventRounds "7"]
[EventCountry "ISL"]
[SourceTitle "EXT 2014"]
[Source "ChessBase"]
[SourceDate "2013.11.20"]
[SourceVersion "1"]
[SourceVersionDate "2013.11.20"]
[SourceQuality "1"]

1. e4 c5 2. Nf3 d6 3. Bb5+ Nd7 4. 0-0 Ngf6 5. Re1 a6 6. Bxd7+ Bxd7 7. c3 Bc6 8. d4 Bxe4 9. Bg5 Bxb1 10. Rxb1 e6 11. d5 e5 12. b4 cxb4 13. Rxb4 Be7 14. Rxb7 0-0 15. Be3 Re8 16. Qb3 Qa5 17. c4 Qd8 18. Rb1 h6 19. h3 Qc8 20. c5 dxc5 21. d6 c4 22. Qd1 c3 23. Rc7 Qf5 24. dxe7 Nd5 25. Qxd5 Qxb1+ 26. Kh2 Qf5 27. Rxc3 Rab8 28. Rc7 Rb5 29. Qc6 Rbb8 30. Qd6 f6 31. Nh4 Qe4 32. Qe6+ Kh8 33. Nf5 Qb4 34. Nd6 1-0

[Event "ISL-chT 0910"]
[Site "Reykjavik"]
[Date "2010.03.05"]
[Round "6"]
[White "Thorsteinsdottir, Gudlaug"]
[Black "Larusson, Petur Atli"]
[Result "1-0"]
[WhiteElo "2082"]
[BlackElo "2125"]
[PlyCount "63"]
[EventDate "2009.09.25"]
[EventType "team-tourn"]
[EventRounds "7"]
[EventCountry "ISL"]
[SourceTitle "EXT 2011"]
[Source "ChessBase"]
[SourceDate "2010.11.26"]
[SourceVersion "1"]
[SourceVersionDate "2010.11.26"]
[SourceQuality "1"]

1. d4 Nf6 2. c4 e6 3. Nf3 b6 4. g3 Ba6 5. Qc2 c5 6. Bg2 Nc6 7. dxc5 Bxc5 8. a3 Bb7 9. 0-0 0-0 10. Nc3 Qc8 11. Bf4 Nh5 12. Bd2 Nd4 13. Nxd4 Bxg2 14. Nxe6 Bxf1 15. Nxf8 Bxf8 16. Rxf1 Qxc4 17. Qf5 Nf6 18. Bg5 Bxa3 19. Bxf6 gxf6 20. Qf3 Rc8 21. Nd5 Bxb2 22. Ne7+ Kf8 23. Nxc8 Qxc8 24. Rd1 Qc6 25. Qf5 Kg7 26. Rxd7 a5 27. Qg4+ Kf8 28. Rd8+ Ke7 29. Rc8 Qe6 30. Qg8 Kd6 31. Qd8+ Ke5 32. Qc7+ 1-0